000 00263nam a22001217a 4500
008 170906b xxu||||| |||| 00| 0 eng d
041 _aeng
080 _a621
100 _a25
101 _aIM
245 _aMANUFACTURING PROCESSES
_cBEGEMAN,M.L
942 _2udc
_cBK
999 _c26275
_d26275